000 01057nam a2200217Ia 4500
003 Ost
005 20260507075634.0
008 260507s9999||||xx |||||||||||||| ||und||
040 _cfsecg
041 _aara
082 _a657.7
100 _aنور، أحمد محمد
_eمؤلف
245 0 _aمبادئ المحاسبة الإدارية /
_c أحمد محمد نور
260 _aالإسكندرية:
_bالدار الجامعية للنشر,
_c2003
300 _a430 صفحة؛
_bإيضاحات ؛
_c24 سم
520 _aدور المحاسبة الإدارية في بيئة الأعمال الحديثة- تحليل العلاقة بين التكلفة والحجم والربح- التكاليف الملائمة لاتخاذ القرارات- الموازنات التقديرية- تخطيط الإستثمارات والموازنة ودورها في مجال التخطيط
653 _aالمحاسبة
653 _aالمحاسبة الإدارية
700 _aعلين أحمد حسين
_eمؤلف ثانوي
942 _cكتاب
999 _c45274
_d45274